[Event "Valasska Bystrice op"]
[Site "Valasska Bystrice"]
[Date "2015.09.16"]
[Round "6"]
[White "Valenta, Josef"]
[Black "Prda, Jan"]
[Result "0-1"]
[WhiteElo "1586"]
[BlackElo "1733"]
[PlyCount "126"]
[EventDate "2015.09.12"]
[EventType "swiss"]
[EventRounds "9"]
[EventCountry "CZE"]
[SourceTitle "EXT 2016"]
[Source "ChessBase"]
[SourceDate "2015.10.08"]
[SourceVersion "1"]
[SourceVersionDate "2015.10.08"]
[SourceQuality "1"]

1. c4 c5 2. Nc3 Nf6 3. Nf3 g6 4. d4 cxd4 5. Nxd4 Bg7 6. Bf4 0-0 7. e3 d6 8. Bg3 Nc6 9. Be2 a6 10. 0-0 Nxd4 11. exd4 Bd7 12. Rc1 b5 13. Bf3 Ra7 14. cxb5 axb5 15. a3 Bh6 16. Rc2 Bf5 17. Re2 Qd7 18. Rfe1 Re8 19. h3 d5 20. Re5 e6 21. Bh4 Bg7 22. R5e3 Rc7 23. Bg3 Rb7 24. Be5 b4 25. axb4 Rxb4 26. g4 Be4 27. b3 Bxf3 28. Rxf3 Ne4 29. Bxg7 Nxc3 30. Rxc3 Kxg7 31. g5 Reb8 32. Qf3 Qd8 33. h4 h6 34. Qe3 hxg5 35. hxg5 Qd6 36. Qf3 Qd8 37. Qe3 Qh8 38. Qe5+ Kg8 39. Qc7 Qxd4 40. Rf3 R4b7 41. Qg3 Qb2 42. Ree3 Ra8 43. Qd6 Qc1+ 44. Kg2 Qc7 45. Qf4 Qxf4 46. Rxf4 Ra3 47. b4 Rxe3 48. fxe3 e5 49. Rf6 Rxb4 50. Rd6 Rg4+ 51. Kf3 Rxg5 52. Rxd5 e4+ 53. Kxe4 Rxd5 54. Kxd5 Kg7 55. Ke5 f6+ 56. Kf4 Kf7 57. Ke4 Ke6 58. Kf4 g5+ 59. Kg4 Ke5 60. Kf3 f5 61. Kf2 Ke4 62. Ke2 g4 63. Kf2 Kd3 0-1

[Event "Valasska Bystrice op"]
[Site "Valasska Bystrice"]
[Date "2015.09.13"]
[Round "3"]
[White "Prda, Jan"]
[Black "Mlady, Pavel"]
[Result "0-1"]
[WhiteElo "1733"]
[BlackElo "1391"]
[PlyCount "88"]
[EventDate "2015.09.12"]
[EventType "swiss"]
[EventRounds "9"]
[EventCountry "CZE"]
[SourceTitle "EXT 2016"]
[Source "ChessBase"]
[SourceDate "2015.10.08"]
[SourceVersion "1"]
[SourceVersionDate "2015.10.08"]
[SourceQuality "1"]

1. Nf3 Nf6 2. e3 c5 3. b3 Nc6 4. Bb2 e6 5. Bb5 Be7 6. 0-0 Qb6 7. Bxc6 Qxc6 8. Ne5 Qc7 9. f4 d6 10. Ng4 Qd8 11. d3 Bd7 12. Nd2 Bc6 13. Nc4 b5 14. Nd2 h5 15. Nf2 Rh6 16. e4 d5 17. e5 Ng4 18. Nxg4 hxg4 19. Qxg4 g6 20. Qf3 Kd7 21. Qe2 Qh8 22. g3 c4 23. bxc4 bxc4 24. d4 Ba4 25. Nf3 Rb8 26. Bc3 Bb4 27. Bxb4 Rxb4 28. c3 Rb6 29. Rab1 Qb8 30. Rxb6 Qxb6 31. Rf2 Rh8 32. Kg2 Rb8 33. g4 Qb1 34. h4 Bd1 35. Qd2 Bxf3+ 36. Kxf3 Qh1+ 37. Kg3 Rb1 38. Rh2 Rg1+ 39. Rg2 Rxg2+ 40. Qxg2 Qe1+ 41. Kh2 Qxh4+ 42. Qh3 Qf2+ 43. Qg2 Qxf4+ 44. Kh1 Qc1+ 0-1

[Event "Valasska Bystrice op"]
[Site "Valasska Bystrice"]
[Date "2015.09.12"]
[Round "1"]
[White "Prda, Jan"]
[Black "Vaculik, Jakub"]
[Result "0-1"]
[WhiteElo "1733"]
[BlackElo "2124"]
[PlyCount "72"]
[EventDate "2015.09.12"]
[EventType "swiss"]
[EventRounds "9"]
[EventCountry "CZE"]
[SourceTitle "EXT 2016"]
[Source "ChessBase"]
[SourceDate "2015.10.08"]
[SourceVersion "1"]
[SourceVersionDate "2015.10.08"]
[SourceQuality "1"]

1. Nf3 Nf6 2. e3 d5 3. b3 c5 4. Bb2 Nc6 5. Bb5 Qb6 6. Bxc6+ bxc6 7. Nc3 e6 8. 0-0 Bd6 9. Na4 Qc7 10. Ba3 Nd7 11. d4 cxd4 12. Bxd6 Qxd6 13. exd4 0-0 14. Re1 f6 15. c4 e5 16. dxe5 fxe5 17. cxd5 cxd5 18. Nc3 Bb7 19. Rc1 a6 20. b4 d4 21. Qb3+ Kh8 22. Ne4 Qg6 23. Ng3 Bxf3 24. gxf3 h5 25. h4 Rae8 26. b5 axb5 27. Qd5 Qe6 28. Qxb5 Rxf3 29. Kg2 Ref8 30. Rc2 Qf7 31. Rf1 d3 32. Rd2 Qf4 33. Qb2 Rxg3+ 34. fxg3 Qxf1+ 35. Kh2 Nf6 36. Rf2 Ng4# 0-1

[Event "Valasska Bystrice op"]
[Site "Valasska Bystrice"]
[Date "2014.09.14"]
[Round "3"]
[White "Prda, Jan"]
[Black "Kolibik, Jan"]
[Result "0-1"]
[WhiteElo "1585"]
[BlackElo "1667"]
[PlyCount "86"]
[EventDate "2014.09.13"]
[EventType "swiss"]
[EventRounds "9"]
[EventCountry "CZE"]
[SourceTitle "CBM 162 Extra"]
[Source "ChessBase"]
[SourceDate "2014.10.17"]
[SourceVersion "1"]
[SourceVersionDate "2014.10.17"]
[SourceQuality "1"]

1. Nf3 Nf6 2. e3 d5 3. b3 g6 4. Bb2 Bg7 5. Ne5 0-0 6. f4 Re8 7. Be2 Nfd7 8. 0-0 f5 9. d4 Nf6 10. Nd2 Nbd7 11. c4 e6 12. cxd5 Nxd5 13. Rf3 N7f6 14. h3 a6 15. Qe1 Nd7 16. g4 Nxe5 17. dxe5 b5 18. g5 Bb7 19. Rg3 c5 20. h4 Nb4 21. Rd1 Qe7 22. a3 Nc6 23. Nf3 Red8 24. h5 Kf7 25. hxg6+ hxg6 26. Rxd8 Rxd8 27. Rh3 Rh8 28. Rxh8 Bxh8 29. a4 b4 30. Qh4 Qf8 31. Qh7+ Qg7 32. Qxg7+ Bxg7 33. Nd2 Na5 34. Bd3 Bf8 35. e4 fxe4 36. Bxe4 Bxe4 37. Nxe4 Nxb3 38. Nd6+ Bxd6 39. exd6 Ke8 40. Kf1 c4 41. Ke1 c3 42. Bxc3 bxc3 43. Kd1 Nd4 0-1